<?xml version="1.0" encoding="UTF-8"?><?xml-stylesheet type="text/xsl" href="static/style.xsl"?><OAI-PMH xmlns="http://www.openarchives.org/OAI/2.0/" xmlns:xsi="http://www.w3.org/2001/XMLSchema-instance" xsi:schemaLocation="http://www.openarchives.org/OAI/2.0/ http://www.openarchives.org/OAI/2.0/OAI-PMH.xsd"><responseDate>2026-04-14T19:30:17Z</responseDate><request verb="GetRecord" identifier="oai:uvadoc.uva.es:10324/76103" metadataPrefix="marc">https://uvadoc.uva.es/oai/request</request><GetRecord><record><header><identifier>oai:uvadoc.uva.es:10324/76103</identifier><datestamp>2025-07-07T08:02:48Z</datestamp><setSpec>com_10324_38</setSpec><setSpec>col_10324_787</setSpec></header><metadata><record xmlns="http://www.loc.gov/MARC21/slim" xmlns:doc="http://www.lyncode.com/xoai" xmlns:xsi="http://www.w3.org/2001/XMLSchema-instance" xmlns:dcterms="http://purl.org/dc/terms/" xsi:schemaLocation="http://www.loc.gov/MARC21/slim http://www.loc.gov/standards/marcxml/schema/MARC21slim.xsd">
<leader>00925njm 22002777a 4500</leader>
<datafield tag="042" ind1=" " ind2=" ">
<subfield code="a">dc</subfield>
</datafield>
<datafield tag="720" ind1=" " ind2=" ">
<subfield code="a">Loiarte Miguel, Unai</subfield>
<subfield code="e">author</subfield>
</datafield>
<datafield tag="260" ind1=" " ind2=" ">
<subfield code="c">2025</subfield>
</datafield>
<datafield tag="520" ind1=" " ind2=" ">
<subfield code="a">Este dictamen tiene como objeto analizar el litigio entre nuestro cliente y la Sociedad&#xd;
de Responsabilidad Limitada con la que suscribe un contrato de promesa de compraventa de&#xd;
vivienda.&#xd;
La vital importancia de este trabajo que sirve a quien lo suscribe como Trabajo de&#xd;
Fin de Máster en Acceso a la Abogacía y la Procura, tiene una relevancia práctica que&#xd;
trasciende lo puramente académico.&#xd;
Se pone de manifiesto la importancia de combatir las&#xd;
prácticas fraudulentas en el tráfico mercantil y de proteger los derechos de los acreedores&#xd;
frente a estructuras societarias abusivas. A través de la adecuada aplicación de la doctrina&#xd;
del levantamiento del velo y de las acciones legales pertinentes, se busca restaurar el&#xd;
equilibrio y la equidad en las relaciones comerciales ante la ausencia de regulación y&#xd;
sensibilidad de la responsabilidad de las actuaciones mercantiles que tantos abusos genera&#xd;
en el mercado</subfield>
</datafield>
<datafield tag="024" ind2=" " ind1="8">
<subfield code="a">https://uvadoc.uva.es/handle/10324/76103</subfield>
</datafield>
<datafield tag="245" ind1="0" ind2="0">
<subfield code="a">Personalidad jurídica y empresa mercantil. Tratamiento legal de los límites de personalidad jurídica y principio de responsabilidad</subfield>
</datafield>
</record></metadata></record></GetRecord></OAI-PMH>